|
|
|
|
| LEADER |
02132nam a2200445 4500 |
| 001 |
ocn668451965 |
| 003 |
OCoLC |
| 005 |
20180501121934.0 |
| 006 |
m o d |
| 007 |
cr cnu---unuuu |
| 008 |
101006s2010 ne a ob 001 0 eng d |
| 040 |
|
|
|a N$T
|b eng
|e pn
|c N$T
|d E7B
|d EBLCP
|d OCLCQ
|d YDXCP
|d MHW
|d OCLCQ
|d OPELS
|d OCLCQ
|d OCLCF
|d OCLCQ
|d OTZ
|d OCLCQ
|d GrThAP
|
| 019 |
|
|
|a 694142288
|a 712992671
|a 994928122
|
| 020 |
|
|
|a 9780123813077
|q (electronic bk.)
|
| 020 |
|
|
|a 0123813077
|q (electronic bk.)
|
| 020 |
|
|
|a 9780123813060
|q (electronic bk.)
|
| 020 |
|
|
|a 0123813069
|q (electronic bk.)
|
| 035 |
|
|
|a (OCoLC)668451965
|z (OCoLC)694142288
|z (OCoLC)712992671
|z (OCoLC)994928122
|
| 050 |
|
4 |
|a QD331
|b .A38eb vol. 101
|
| 072 |
|
7 |
|a SCI
|x 013040
|2 bisacsh
|
| 082 |
0 |
4 |
|a 547.59
|2 22
|
| 049 |
|
|
|a TEFA
|
| 245 |
0 |
0 |
|a Advances in heterocyclic chemistry.
|n Volume 101 /
|c edited by Alan R. Katritzky.
|
| 250 |
|
|
|a 1st ed.
|
| 260 |
|
|
|a Amsterdam ;
|a Boston :
|b Elsevier/Academic,
|c 2010.
|
| 300 |
|
|
|a 1 online resource (xi, 238 pages) :
|b illustrations.
|
| 336 |
|
|
|a text
|b txt
|2 rdacontent
|
| 337 |
|
|
|a computer
|b c
|2 rdamedia
|
| 338 |
|
|
|a online resource
|b cr
|2 rdacarrier
|
| 490 |
0 |
|
|a Advances in heterocyclic chemistry,
|x 0065-2725 ;
|v v. 101
|
| 504 |
|
|
|a Includes bibliographical references and index.
|
| 520 |
|
|
|a The definitive serial in the field -- since 1960. * Provides up-to-date material on a fast growing and highly topical subject area * Contains the latest research covering a wide variety of heterocyclic topics * Written by leading authorities and designed as a handbook for students and industry and academic researchers.
|
| 588 |
0 |
|
|a Print version record.
|
| 650 |
|
0 |
|a Heterocyclic chemistry.
|
| 650 |
|
7 |
|a SCIENCE
|x Chemistry
|x Organic.
|2 bisacsh
|
| 650 |
|
7 |
|a Heterocyclic chemistry.
|2 fast
|0 (OCoLC)fst00955735
|
| 655 |
|
4 |
|a Electronic books.
|
| 700 |
1 |
|
|a Katritzky, Alan R.
|
| 776 |
0 |
8 |
|i Print version:
|t Advances in heterocyclic chemistry. Volume 101.
|d London : Academic, 2010
|z 9780123813060
|w (OCoLC)620092413
|
| 856 |
4 |
0 |
|u https://www.sciencedirect.com/science/bookseries/00652725/101
|z Full Text via HEAL-Link
|